000 01151cam a2200277Ia 4500
003 data
005 20260322212046.0
008 data
010 _a00190334
020 _a1893277011
020 _a9781893277014
040 _aHN5
_cHN5
_dJCU
_dJCU
096 _aWM 450.5 O2 K84L 2000
100 1 _aKorb-Khalsa, Kathy L.,
_d1958-
245 1 0 _aLife management skills VI :
_breproducible activity handouts created for facilitators /
_cKathy L. Korb-Khalsa & Estelle A. Leutenberg.
246 3 _aLife management skills six.
246 3 _aLife management skills 6.
260 _aBeachwood, Ohio :
_bWellness Reproductions & Pub.,
_cc2000.
300 _a59 [i.e. 118] p. :
_bill. ;
_c28 cm.
500 _a"A sampler collection of ... abuse, aging, coping skills, grief, interpersonal skills, leisure, making changes, medication management, parenting, positive attitude, recovery, relationships, self-esteem, self-expression, supports."
650 0 _aLife skills
_xActivity programs.
650 0 _aSelf-management (Psychology)
_xActivity programs.
650 0 _aSelf-help techniques
_xActivity programs.
700 1 _aLeutenberg, Estelle A.
001 data
999 _c1084
_d1084